Statistics for Long Single-Word Country Names

Click here to take the quiz!

General Stats

  • This quiz has been taken 59 times
  • The average score is 12 of 18

Answer Stats

letterscountry% Correct
12Turkmenistan
86%
10Mozambique
80%
10Uzbekistan
80%
10Tajikistan
79%
11Afghanistan
77%
10Kazakhstan
75%
10Kyrgyzstan
75%
13Liechtenstein
68%
10Madagascar
68%
10Luxembourg
66%
10Azerbaijan
63%
11Philippines
61%
10Mauritania
55%
11Switzerland
55%
10Bangladesh
52%
10Montenegro
52%
11Netherlands
46%
10Seychelles
45%

Score Distribution

Percentile by Number Answered

Percent of People with Each Score

Your Score History

You have not taken this quiz